Statistics for Toughest Jobs to Fill in 2017

Click here to take the quiz!

General Stats

  • This quiz has been taken 13 times
  • The average score is 3 of 10

Answer Stats

ReasonJob Title% Correct
New technology requires diversified skill setSoftware Engineer
69%
Turbulent economy and stock marketFinancial Advisor
54%
High turnover/shortage of qualified workersRegistered Nurse
46%
Relatively new fieldData Scientist
31%
Aging populationHome Health Aide
15%
Potential data breachesInformation Security Analyst
15%
Employment gapTruck Driver
15%
Greater need for servicesMedical Services Manager
8%
High turnoverGeneral and Operations Manager
0%
Employment gapPhysical Therapist
0%

Score Distribution

Percentile by Number Answered

Percent of People with Each Score

Your Score History

You have not taken this quiz